[Event "Groningen Festival"]
[Site "Groningen"]
[Date "1998.12.20"]
[Round "1"]
[White "Piket, Jeroen"]
[Black "Asrian, Karen"]
[Result "1/2-1/2"]
[WhiteElo "2605"]
[BlackElo "2600"]
[Annotator "Tsesarsky,Ilya"]
[PlyCount "59"]
[EventDate "1998.12.20"]
[EventType "tourn"]
[EventRounds "10"]
[EventCountry "NED"]
[EventCategory "16"]
[SourceTitle "CBM 069"]
[Source "ChessBase"]
[SourceDate "1999.04.01"]
[SourceVersion "1"]
[SourceVersionDate "1999.04.01"]
[SourceQuality "1"]

{[%mdl 16]} 1. d4 {Illingworth,Max} d5 2. c4 e6 3. Nf3 Nf6 4. e3 c5 5. cxd5 ({RR} 5. Nc3 Nc6 6. a3 a6 7. dxc5 Bxc5 8. b4 Ba7 9. Bb2 O-O 10. Qc2 Qe7 11. Rd1 Rd8 12. Be2 d4 13. exd4 Nxd4 14. Nxd4 Bxd4 15. O-O e5 16. Na4) 5... exd5 6. Bb5+ Bd7 ({RR} 6... Nbd7 7. Nc3 a6 8. Be2 Be7 9. O-O O-O 10. b3 b5 11. dxc5 Nxc5 12. Bb2 Bb7) ({RR} 6... Nc6 7. O-O Bd6 8. dxc5 Bxc5 9. b3 O-O 10. Bb2 Bg4 11. Bxc6 ({RR} 11. h3 Bh5) 11... bxc6 12. Nbd2 Rc8 13. Qc2 Nd7 14. Ne5 Nxe5 15. Qxc5 Nd3 16. Qd4 Nxb2 17. Qxg4 c5) 7. Bxd7+ Nbxd7 8. dxc5 Nxc5 ({RR} 8... Bxc5 9. O-O O-O 10. Nc3 Nb6 11. b3) 9. O-O Be7 (9... Bd6 10. b3 (10. Bd2 O-O 11. Bc3 Nfe4 12. Bd4 Ne6 13. Nc3 Qa5 (13... Nxd4 14. Qxd4 Nxc3 15. Qxc3 Qb6 16. Rac1 $14) 14. Ne2 Rac8 15. Qb3 Rc4 16. a3 Qa6 $11 {1-0 Malaniuk,V-Zelcic,R/Nova Gorica 1997/EXP 56/(36)}) (10. Nc3 a6 11. b3 O-O 12. Bb2 Rc8 13. Rc1 Re8 14. Qd4 Ne6 15. Qd3 Qa5 16. Rfd1 $14 (16. a3 d4 17. Ne2 Rxc1 18. Rxc1 Nc5 19. Qd1 Nce4 (19... dxe3 20. Qxd6 exf2+ 21. Kf1 $14) 20. b4 Qh5 21. Nf4 Qh6 22. Qxd4 Bxf4 23. exf4 Qxf4 $132 {0-1 Eingorn,V-Agzamov,G/USSR 1983/Inf 35 (57)})) ({RR} 10. b3 O-O 11. Bb2) 10... O-O 11. Bb2 Nce4 12. Nc3 Rc8 13. Rc1 Bb4 14. Nxe4 dxe4 15. Qxd8 Rfxd8 16. Ng5 Rxc1 17. Rxc1 Rd2 18. Bxf6 gxf6 19. Nxe4 Rxa2 20. Nxf6+ Kg7 21. Nh5+ Kh6 22. g4 $14 {½-½ Kharitonov,A-Asrian,K/Smolensk RUS 1997 (37)}) (9... Nce4 10. Bd2 Bc5 11. Bc3 O-O 12. Bd4 Rc8 13. Nbd2 Bxd4 14. Nxd4 Qb6 15. Nxe4 dxe4 16. Qb3 Qxb3 17. axb3 a6 18. Rfc1 Nd5 $11 {1-0 Rashkovsky,N-Loginov,A/Moscow op2 1995/EXP 50 (41)}) ({RR} 9... Bd6 10. Bd2 O-O 11. Bc3 Nfe4 12. Bd4 Rc8 13. Nc3 Ne6) 10. Nc3 (10. Bd2 O-O 11. Bc3 ({RR} 11. Bb4 Nce4 12. Bxe7 Qxe7) 11... Nfe4 (11... Rc8 12. Bd4 Nfe4 13. Nc3 Ne6 14. Be5 Nxc3 15. Bxc3 h6 16. h3 $14 {1-0 Malaniuk,V-Caposciutti,M/Forli 1992 (59)}) 12. Bd4 Ne6 ({RR} 12... Rc8 13. Nc3 Nxc3 14. Bxc3 Ne4) 13. Nc3 Nxd4 14. Nxd4 Nxc3 (14... Bf6 15. Qb3 Nd2) 15. bxc3 Qa5 16. Qb3 Rab8 $11 {1-0 Eingorn,V-Polaczek,R/Stockholm 1989/Inf 49/ (70)}) (10. b3 O-O 11. Bb2 Qd7 12. Nc3 Rad8 13. Rc1 Rfe8 14. Ne2 Nfe4 15. Nf4 a6 16. Rc2 Bf8 17. Qa1 Qf5 18. Rfc1 $14 {½-½ Hellsten,J-Hall,J/ch-SWE, Ronneby SWE 1998 (25)}) ({RR} 10. Bd2 O-O 11. Bc3 Nfe4 12. Bd4 Ne6 13. Nc3 Nxd4 14. Nxd4 Nxc3 15. bxc3 Qd7 16. Qb3 Rac8 17. Rfd1 Rc5 18. Rd3) 10... O-O 11. b3 Nce4 (11... Rc8 12. Bb2 Nce4 (12... Qd7 13. Rc1 Rfd8 14. Qe2 Nfe4 15. Rfd1 $14 {1-0 Urday,H-Vasquez,R/Palma de Mallorca 1991 (36)}) (12... Nfe4 13. Ne2 Qa5 14. a3 Rfd8 {½-½ Cvitan,O-Schmittdiel,E/Liechtenstein ,EXT 1994 (14)}) 13. Nxe4 dxe4 14. Qxd8 Rfxd8 15. Nd4 g6 16. Rac1 Nd5 17. Rfd1 $11 {½-½ Legky,N-Rodriguez,A/Aosta ,EXT 1990 (21)}) ({RR} 11... Qa5 12. Nxd5 Nxd5 13. Qxd5 Rfd8 14. Qc4 b5 15. Qc2 Rac8 16. Qb1) ({RR} 11... Rc8 12. Bb2 Re8 13. Ne2 Qa5 14. a3 Qb5 15. Nfd4 Qd7 16. Rc1 Bd6 17. Nf4 Bxf4 ({RR} 17... Be5) 18. exf4) 12. Ne2 $11 (12. Bb2 Rc8 (12... Qa5 13. Qd3 {½-½ Savon,V-Volzhin,A/Zepter Open, Minsk BLR 1998 (13)}) ({RR} 12... Rc8) 13. Ne2 (13. Qd3 Qa5 14. Rfc1 Bb4 $11) 13... Qa5 14. a3 Rfd8 15. Nfd4 Qa6 16. Nf4 Bf8 17. Qd3 Qxd3 18. Nxd3 Nc5 19. Rfd1 Nxd3 20. Rxd3 Ne4 21. f3 Nc5 22. Rc3 Ne6 23. Rxc8 Rxc8 24. b4 g6 $11 {½-½ Hebden,M-Magomedov,M/Dhaka 1995/CBM 48/ (41)}) ({RR} 12. Bb2 Qa5) 12... Qa5 ({RR} 12... Rc8 13. Bb2 Re8 14. Rc1 Qa5 15. a4 Bb4 16. h3) 13. Bb2 {In openings like this - with pawn structure with isolated  - enouph to change 2 pars of  - and it will be drawn position.} Ba3 $1 ({RR} 13... Rfe8 14. Nfd4 Bd6 15. f3 Nc5 16. Nf5 Be5 17. Ned4) ({RR} 13... Rac8 14. Nfd4 Ba3 15. Bxa3 Qxa3 16. f3 Ng5 17. Qd2 Ne6 18. Rac1 Nxd4 19. Nxd4 a6 20. Rc3 Rxc3 21. Qxc3) ({RR} 13... Rfe8 14. h3 Bf8 15. Nfd4 Rac8 16. a3 Qa6 17. Nf4 g6 18. Qd3 Qxd3 19. Nxd3 Bg7 20. Rac1 Nd7 21. Nf4 Nb6 22. Rfd1 Nc5 23. Rb1 Ne4 24. Rbc1 Nc5 25. Rb1 Ne4 26. Kf1 a5 27. a4 h5 28. Nfe2 {Chen,J (2380)-Tsay,V (2305) Washington DC USA 2026 ½-½ (76)}) 14. Bxa3 (14. Bxf6 Nxf6 15. Qd3 Rac8 16. Rad1 Rc5 $15) 14... Qxa3 15. Qc1 (15. Nfd4 Rfe8 16. f3 Ng5 17. Qd2 $11) ({RR} 15. Nf4 Nc3 16. Qd2 Rfc8 17. Nd4) 15... Qb4 $146 (15... Qe7 $11) ({RR} 15... Qxc1 16. Raxc1 Rfc8 17. Nfd4 Nd6 18. f3 Rxc1 19. Rxc1 Rc8 20. Rd1 h5 21. Kf2 Kf8 22. Rd2 Ke7 23. Rd1 g6 24. Nf4 a5 25. a4 Rc3 26. Nfe2 Rc5 27. Ke1 Kd7 28. Rd3 Ke7 29. Nc3 Nc8 30. Nde2 {Vitier Vazquez,C (2395)-Ochoa de la Rosa,M (2387) Santa Clara CUB 2024 1-0 (51)}) ({RR} 15... Qa6 16. Qb2 Rac8 17. Nfd4 Rc7 ({RR} 17... Nc5 18. Rad1 g6 ({RR} 18... Nd3 19. Qd2) 19. Nf4) 18. Rac1 ({RR} 18. f3 Nc5 19. Qd2) ({RR} 18. a4) 18... Rfc8 ({RR} 18... Nc5 19. Qa1 Rfc8 20. h3 Nd3 21. Rxc7 Rxc7 22. Rd1) 19. a4 ({RR} 19. Rxc7 Rxc7 20. Rc1 Qb6 21. Rxc7 Qxc7 22. f3 Nd6 23. Nf4) 19... Qb6 20. Nb5 ({RR} 20. Rxc7 Rxc7 21. Rc1 Ng4) 20... Rxc1 21. Rxc1 Rxc1+ 22. Qxc1 g6 23. f3 Nc5 24. Qc3 a6 25. Nbd4 Qd6 ({RR} 25... Qc7 26. Nf5 gxf5 27. Qxf6 Qa5) 26. h4 ({RR} 26. Nf4) 26... b6 27. g3 ({RR} 27. Nf4 a5 28. g4) 27... a5 28. Nb5 Qe7 29. Nf4 h6 30. Nd4 {Aronian,L (2780)-Caruana,F (2805) Stavanger 2015 CBM 167 [Illingworth,Max] 1-0 (60)}) ({RR} 15... Qxc1 16. Raxc1 Rac8 17. Nfd4) ({RR} 15... Qd6 16. Qb2 Rac8 17. h3 ({RR} 17. Nf4) 17... Rc5 18. Rac1 Rfc8 19. Nfd4 Qd7 ({RR} 19... g6) 20. Rxc5 Rxc5 21. Rc1 Qc8 22. Rxc5 Qxc5 23. f3 Nd6 24. Kf2) 16. Qb2 a5 $6 (16... Rac8 17. Ned4 Qc3 18. Qxc3 Rxc3 19. Rac1 Rfc8 20. Rxc3 Rxc3 $11) 17. a3 (17. Ned4 a4 (17... Rfc8 18. Rac1 $14) 18. a3 Qb6 19. b4 Rac8 20. Rac1 $14) 17... Qb6 18. h3 (18. Ned4 Rfc8 19. Rac1 $14) 18... Rfc8 19. Nfd4 a4 20. Rfb1 $6 $11 (20. b4 Nd6 21. Rfc1 Nc4 22. Qa2 Qa6 (22... Ne4 23. Rc2 Qf6 24. Nf4 $16) 23. Nc3 Qd6 24. Rc2 $14) 20... axb3 21. Qxb3 Qxb3 22. Rxb3 Nd6 (22... Nc5 $11) 23. Rb6 Ra6 24. Rxa6 bxa6 25. Rb1 Nc4 (25... a5 26. Nf4 g5 27. Nfe2 Nc4 28. Rb5 Nxa3 29. Rxa5 Nc4 $11) 26. Rb7 g6 27. Ra7 a5 28. Nb5 Ne4 29. Ned4 h5 30. g3 $11 (30. Nb3 Nxa3 $1 31. Nxa3 Rc3 32. Nxa5 Rxa3 33. Nc6 $11) 1/2-1/2

[Event "Las Palmas"]
[Site "Las Palmas"]
[Date "1996.12.19"]
[Round "8"]
[White "Ivanchuk, Vassily"]
[Black "Anand, Viswanathan"]
[Result "1/2-1/2"]
[WhiteElo "2730"]
[BlackElo "2735"]
[Annotator "Tsesarsky,Ilya"]
[PlyCount "58"]
[EventDate "1996.12.08"]
[EventType "tourn"]
[EventRounds "10"]
[EventCountry "ESP"]
[EventCategory "21"]
[SourceTitle "CBM 057"]
[Source "ChessBase"]
[SourceDate "1997.04.01"]
[SourceVersion "1"]
[SourceVersionDate "1997.04.01"]
[SourceQuality "1"]

1. d4 d5 2. Nf3 e6 3. c4 dxc4 4. Qa4+ c6 (4... Nd7 5. e4 c5 6. Bxc4 cxd4 7. Nxd4 Qb6 $5 8. Nb3 Bd6 9. Be3 Qc7 10. Nc3 a6 11. Rc1 {White is slightly better, Piket,J-Lautier,J/Match, Monaco 1996}) 5. Qxc4 Nf6 6. Bg5 $146 (6. g3 Nbd7 (6... a6 7. Bg2 Be7 8. Nc3 b5 9. Qb3 O-O 10. O-O Bb7 11. Rd1 Nbd7 12. Ne5 Rc8 13. a4 Qc7 14. Bf4 Qb6 15. a5 Qa7 16. Bh3 c5 17. Nxd7 Nxd7 18. d5 c4 19. Qc2 Bxd5 20. Nxd5 exd5 21. Rxd5 Nf6 22. Be3 $14 {0-1 Nemeth,M-Kiss,F/Budapest FS02 IMW 1994 (34)}) 7. Bg2 e5 $6 8. dxe5 Nxe5 $4 9. Nxe5 Qa5+ 10. Nc3 Qxe5 11. Bxc6+ Bd7 12. Bxb7 (12. Bf4 $18) 12... Rd8 13. Bf4 Qf5 14. Bc7 Bc5 15. O-O O-O 16. Bxd8 {1-0 Ilivitsky G-Aronin L/Ch URS, Moscow 1952 (21)}) 6... Be7 7. e3 (7. Nc3 $5) 7... O-O 8. Be2 Qa5+ 9. Nc3 Nbd7 10. O-O e5 {After this standard continuation the play is approximately even} 11. Ne4 $146 (11. Bxf6 Bxf6 12. Ne4 exd4 (12... Be7 13. Rfd1 Nb6 14. Qc2 f5 15. Ned2 e4 16. Nc4 Qb4 17. Nxb6 (17. a3 Qa4 18. b3 Qb5 19. Nxb6 Qxb6 20. Bc4+ Kh8 21. Ne5 Qc7 22. Nf7+ Kg8 23. Ne5+ $11)) 13. Nxd4 (13. Nxf6+ Nxf6 14. Nxd4 Qb6 15. Qc2 Re8 16. Rfd1 Bg4 $11) 13... Be5 14. Rfd1 $11) (11. Rfd1 exd4 12. Qxd4 Rd8 13. Rac1 (13. e4 $6 Nc5 14. b4 (14. Qe3 Ne6 15. Rxd8+ Bxd8 16. Rd1 Bb6 17. Qd2 Nxg5 18. Nxg5 Bg4 $17) (14. Qe5 Be6 15. Nd4 Bd6 $6 (15... Nfd7 16. Qg3 Bxg5 17. Qxg5 Qb6 18. Rd2 h6 19. Qh4 Ne5 20. Rad1 Ng6 21. Qg3 Bxa2 $1 22. Bh5 (22. Nxa2 Nxe4 23. Qe3 Nxd2 24. Rxd2 c5 25. Nf3 (25. Nb5 Rxd2 26. Qxd2 Rd8 27. Qc2 Nf4 28. Bf1 a6 29. Nbc3 Qe6 $17 (29... Qd6 30. Ne4 Qg6 (30... Qd1 31. Qxd1 Rxd1 32. Nac3 $14) 31. f3 $15))) 22... Kh7 23. e5 (23. b4 $6 Nb3 $17) (23. Nxa2 $2 Nxe4 24. Bxg6+ fxg6 25. Qf4 Nxd2 26. Rxd2 c5 27. Nf3 Qxb2 $19) 23... Bc4 $15) 16. Nxc6 Qc7 (16... Bxe5 17. Nxa5 Rxd1+ 18. Nxd1 Nfxe4 19. Be3 $11) 17. Rxd6 Rxd6 18. Nb5 Qxc6 19. Nxd6 Nfxe4 20. Nxe4 Qxe4 21. Qxe4 Nxe4 22. Be3 $14) 14... Rxd4 15. bxa5 Rxd1+ 16. Rxd1 h6 17. Bxf6 Bxf6 18. e5 Be7 19. Nd4 Ne6 20. Nxe6 Bxe6 21. Rb1 Rb8 22. Bf3 Bg5 $17) 13... Nc5 14. Qh4 Be6 15. Nd4 (15. b4 Rxd1+ 16. Rxd1 Qa3 17. bxc5 Qxc3 18. Bd3 h6 19. Bxf6 Bxf6 20. Qe4 g6 $17) 15... h6 16. Nxe6 Nxe6 17. Bxf6 Bxf6 $11) ({RR} 11. a3 exd4 12. Qxd4 h6 13. Bf4 Qb6 14. Na4 Qxd4 15. Nxd4 Nc5 16. Nxc5 Bxc5 17. Rfd1 Bg4 18. Bxg4 Nxg4 19. Nb3 Bb6 20. Rd7 Rfd8 21. Rxb7 Rd3 22. Nd4 Rd2 23. Rf1 Rxb2 24. Nxc6 Nxf2 25. Ne7+ Kh7 {Ikonnikov,V (2559)-Trabert,B (2270) Germany 2001 ½-½ (33)}) 11... exd4 (11... Nxe4 12. Bxe7 Re8 13. Bb4 Qb6 14. Rad1 {White's position is preferable}) 12. Qxd4 Qb6 13. Rfd1 Re8 (13... h6 14. Bh4 c5 15. Qd3 Rd8 16. Qc2 g5 17. Bxg5 hxg5 18. Nexg5 {[%cal Ge2c4]} Rf8 19. Bc4 {[%cal Gc2g6]} Kg7 20. Bxf7 $1 Rxf7 21. Rxd7 $3 Bxd7 22. Ne5 Be6 (22... Kf8 23. Ngxf7 $1 (23. Qg6 $2 Rg7 $1 (23... Be6 24. Nexf7 $16) 24. Nxd7+ Kg8 (24... Nxd7 25. Ne6+ $18) 25. Qxg7+ (25. Nxb6 Rxg6 26. Nxa8 Rxg5 $15) 25... Kxg7 26. Nxb6 axb6 $15) 23... Qe6 24. Qg6 Ng4 (24... Ba4 25. b3 Bb5 26. Rd1 $18) 25. Nxd7+ Qxd7 26. Ng5 Bxg5 $8 27. Qxg5 {[%csl Rg4][%cal Gh2h3]} Re8 28. Qxc5+ $16) 23. Qg6+ Kf8 24. Nexf7 $16) 14. Rac1 (14. Qxb6 axb6 15. Nd6 Bxd6 16. Rxd6 Ne4 17. Rdd1 Nxg5 18. Nxg5 Ne5 $11) 14... h6 15. Bh4 Qxd4 (15... Nxe4 16. Qxe4 Qxb2 17. Bd3 $1 (17. Bxe7 Qxe2) (17. Rc2 Qb4) 17... Kf8 18. Bxe7+ Rxe7 19. Qh7 $16 {[%csl Rf8]}) 16. Rxd4 Nxe4 17. Rxe4 Kf8 (17... g5 18. Bg3 Nf6 19. Rd4 Be6 20. a3 Rad8 $11) 18. a3 Nf6 19. Re5 g5 20. Bg3 Nh5 21. Nd4 Nxg3 22. hxg3 Rd8 {Black equalized} 23. g4 Bf6 (23... c5 $5 24. Nf5 $1 (24. Rexc5 Bxc5 25. Rxc5 b6 $6 (25... Kg7 26. Bf3 Kf6 27. Kh2 a5 28. Rc7 (28. Kg3) 28... Rd7 29. Rc5 a4 $15) 26. Rc7 Bd7 27. Bf3 Rac8 28. Rxa7 Rc1+ 29. Kh2 $14) 24... Bf6 (24... Bxf5 25. Rxf5 Rd2 26. Bc4 f6 27. b3 Rad8 28. e4 $11) 25. Rexc5 Bxb2 26. R1c2 Bxa3 27. Rc7 Rb8 28. Ra2 Bxf5 29. Rxa3 Rd7 30. Rc5 Be6 31. Rxa7 Kg7 32. f3 b6 33. Rxd7 bxc5 34. Rc7 Rc8 (34... Rb2 35. Ba6 (35. Kf1 c4 36. Ke1 Kf6 37. Kd1 Ke5 38. Bxc4 Kd6 39. Bxe6 Kxc7 40. Bxf7 Rxg2 $11) 35... c4 36. Bc8 Bxc8 37. Rxc8 Rc2 38. Rc6 $11) 35. Rxc8 Bxc8 36. Kf2 Kf6 37. e4 Ke5 38. Ke3 Be6 39. g3 f6 40. f4+ Kd6 41. Kd3 Kc6 42. Kc3 Kb6 43. Bd1 Kb5 44. Be2+ c4 45. Bf1 Kc5 46. Be2 $11) 24. Re4 Rd6 25. Rc2 a5 26. Nf5 Bxf5 27. gxf5 Rad8 28. Rec4 Rd2 29. b3 Be7 1/2-1/2

[Event "Corus"]
[Site "Wijk aan Zee"]
[Date "2009.01.18"]
[Round "2"]
[White "Wang, Yue"]
[Black "Ivanchuk, Vassily"]
[Result "0-1"]
[WhiteElo "2739"]
[BlackElo "2779"]
[Annotator "Krasenkow,Michal"]
[PlyCount "50"]
[EventDate "2009.01.17"]
[EventType "tourn"]
[EventRounds "13"]
[EventCountry "NED"]
[EventCategory "19"]
[SourceTitle "CBM 129"]
[Source "ChessBase"]
[SourceDate "2009.03.25"]
[SourceVersion "1"]
[SourceVersionDate "2009.03.25"]
[SourceQuality "1"]

1. d4 Nf6 2. c4 e6 3. Nf3 d5 4. Bg5 dxc4 5. Qa4+ Nbd7 6. Nc3 a6 7. g3 $146 {[%mdl 8] A novelty in this well-known position!} (7. e4 {is the main line but Black is apparently OK after} b5 $1 {or else:} (7... Rb8 8. Qxc4 (8. Bxf6 Qxf6 9. Qxc4 c5 10. e5 Qf4 11. d5 Qxc4 12. Bxc4 Nb6 13. Nd2 Nxc4 14. Nxc4 b5 15. Ne3 Be7 16. d6 Bd8 $13 {1/2 Damaso,R (2440)-Korneev,O (2560)/Leon 1998/EXT 1999 (33)}) 8... b5 9. Qd3 Bb7 10. e5 h6 11. Bh4 g5 12. Nxg5 hxg5 13. Bxg5 {0-1 Radulescu,M-Bondoc,D/Bucharest 1965/EXT 2008 (40)} Rg8 $1 14. h4 b4 15. Na4 Rxg5 16. hxg5 Ne4 $132) (7... Be7 8. Bxc4 (8. Bxf6 Bxf6 9. e5 Be7 10. Bxc4 O-O 11. Qc2 c5 12. d5 $2 Nb6 13. d6 Nxc4 14. dxe7 Qxe7 15. Ne4 b5 16. Nfg5 f5 17. exf6 gxf6 18. Nf3 Bb7 $17 {1-0 Namgilov,S-Meszaros,G/Budapest 1990/EXT 2000 (39)}) 8... O-O (8... Rb8 9. Qc2 b5 10. Bd3 Bb7 11. Rd1 c5 12. dxc5 Qa5 13. O-O Nxc5 $13 {0-1 Damljanovic,B (2587)-Adla,D (2494)/Zaragoza 2003/EXT 2004 (57)}) 9. Qc2 c5 (9... h6 10. Bxf6 Nxf6 11. e5 Nd5 12. Qe4 Bb4 13. Rc1 c5 14. O-O Bxc3 15. bxc3 cxd4 16. cxd4 Bd7 17. Bd3 g6 18. Qg4 Kg7 $11 {[%cal Yd7b5] 1/2 Zhao Jun (2566)-Xu Jun (2534)/Jiangsu Wuxi CHN 2008/The Week in Chess 736 (36)}) 10. dxc5 Qc7 11. b4 b6 12. O-O Bb7 13. Rfe1 Ne5 14. Nxe5 Qxe5 15. Be3 bxc5 16. b5 axb5 {1/2 Hort,V (2540)-Lau,R (2485)/Bad Neuenahr 1991/CBM 024}) (7... h6 $143 8. Bxf6 gxf6 9. Bxc4 Rb8 10. Be2 b5 11. Qc2 c5 12. d5 Bd6 13. O-O Qc7 14. a4 b4 15. dxe6 fxe6 16. Nb1 Ne5 17. Nbd2 O-O 18. Kh1 Bb7 19. Nc4 Nxf3 20. Bxf3 Be5 21. Bg4 $14 {1/2 Sapis,W (2375)-Hnydiuk,A (2355)/Ksiaz 1998/CBM 063 ext (27)}) 8. Nxb5 axb5 (8... Rb8 9. Nc3 Rxb2 10. Ne5 Bb7 $2 (10... h6 11. Bc1 (11. Nc6 Nb6 $1 12. Nxd8+ Nxa4 13. Nxa4 Rb4 $17) 11... Rb4 12. Qc2 c5 $5) (10... c5 11. d5 Rb4 $1 12. Qc6 Rb6 $11 {J.Speelman}) 11. Nxc4 Rb4 12. Qc2 Ba8 13. e5 h6 14. Bd2 Nd5 15. Nxd5 Bxd5 16. Nd6+ $1 Bxd6 17. exd6 Rb7 18. Ba5 Qa8 19. dxc7 O-O 20. h4 Rc8 21. Rh3 Qa7 22. Rc1 $1 Qxd4 23. Qc3 $16 {1-0 Speelman,J (2605)-Muir,A (2340)/England 1994/CBM 040/[Speelman,J] (44)}) 9. Qxa8 Bb4+ 10. Kd1 Nb6 11. Qa7 $6 (11. Qc6+ Bd7 12. Qb7 Bc8 $11) 11... e5 $1 12. Kc2 exd4 13. Rd1 d3+ 14. Bxd3 cxd3+ 15. Rxd3 Qe7 16. a3 O-O 17. axb4 Qxe4 $36 {1-0 Arbakov,V (2400)-Ivanov,A (2470)/Simferopol 1989/EXT 1997 (38)}) ({The other moves (and therefore the whole line) are equally harmless:} 7. Qxc4 b5 (7... c5 $5) 8. Qb3 (8. Qc6 $6 Ra7 9. Ne5 Be7 10. Bxf6 Bxf6 11. Nxd7 Bxd7 12. Qc5 Qa8 13. e3 Be7 14. Qh5 b4 15. Ne2 O-O $15 {0-1 Markmann,U-Buecker,P (2285)/Germany 1984/EXT 2001 (30)}) 8... c5 9. e3 (9. dxc5 Nxc5 10. Qd1 Bb7 11. Qxd8+ Rxd8 12. Rc1 h6 13. Be3 Nce4 14. Nd2 Nxc3 15. bxc3 Ba3 $17 {0-1 Khmelnitski,A (2486)-Ivanov,A (2312)/St Petersburg 2005/CBM 108 ext (64)}) 9... Bb7 10. Be2 cxd4 11. exd4 Be7 12. O-O O-O 13. Ne5 Nb6 14. Rfd1 Nfd5 15. Bxe7 Qxe7 16. Bf3 Nxc3 17. Qxc3 Rac8 18. Qd3 Bxf3 19. Nxf3 h6 $15 {0-1 Pyda,Z (2405)-Volzhin,A (2530)/Wisla 1998/EXT 2000 (63)}) (7. Bxf6 gxf6 (7... Qxf6 8. Qxc4 c5 9. Ne4 Qf4 10. dxc5 Nxc5 11. Ned2 Qxc4 12. Nxc4 b5 $15 {1/2 Arnold,F (2355)-Peredy,F (2235)/Budapest 1995/CBM 050 ext (38)}) 8. O-O-O Rb8 9. Qxc4 b5 10. Qd3 Bh6+ 11. e3 Bb7 12. d5 Qe7 13. dxe6 fxe6 14. Qd4 Bg7 15. Qh4 f5 16. Qxe7+ Kxe7 $15 {0-1 Goldin,A (2530)-Gelfand,B (2585)/Klaipeda 1988/CBM 011 (32)}) (7. e3 Rb8 8. Bxf6 gxf6 9. Qxc4 b5 10. Qd3 Bb7 11. Rd1 c5 12. d5 c4 13. Qc2 Bb4 14. dxe6 fxe6 15. Be2 Qa5 {1/2 Csom,I (2460)-Schlosser,P (2485)/Budapest 1991/CBM 027}) ({RR} 7. e4 b5 8. Nxb5 Rb8 9. Nc3 Rxb2 10. Ne5 c5 11. Nc6 Qb6 12. d5 Nxe4 13. Nxe4 Rb1+ 14. Rxb1 Qxb1+ 15. Kd2 Qxe4 16. Qxc4 Qxc4 17. Bxc4 Nb6 18. Be2 Nxd5 19. Na7 Be7 20. Bxe7 Kxe7 21. Rb1 Kd6 {Zhou,W (2592)-Yu,Y (2652) Tianjin 2011 ½-½ (31)}) ({RR} 7. Bxf6 gxf6 8. e4 b5 9. Qc2 Bb7 10. Rd1 Rg8 11. g3 f5 12. d5 Qe7 13. dxe6 fxe6 14. Bg2 O-O-O 15. O-O f4 16. a4 b4 17. Ne2 fxg3 18. hxg3 Qc5 19. Rd4 Nb6 20. a5 Qxa5 21. Rxd8+ Kxd8 {Wirig,A (2414)-Laignel,Q (2227) Cappelle la Grande FRA 2026 1-0 (46)}) 7... b5 $1 {A typical pawn sacrifice.} (7... c5 8. Bg2 {[%cal Gg2a8]}) 8. Nxb5 Rb8 9. Na7 $146 {[%csl Ra7] Directly to hell!} (9. Na3 Rxb2 (9... Bb4+ 10. Bd2 Bxd2+ 11. Nxd2 Bb7 12. f3 O-O 13. Naxc4 Nb6 14. Nxb6 cxb6 15. e4 {Black gets a development advantage for his sacrificed pawn but he has yet to prove it is a sufficient compensation.}) 10. Nxc4 Rb4 11. Qc2 Bb7 12. Bg2 Be7 13. O-O Be4 14. Qc1 O-O 15. Bd2 Rb7 {and Black should gradually equalize.}) ({RR} 9. Nc3 Rxb2 10. Rb1 Bb4 11. Rxb2 Bxc3+ 12. Rd2 h6 13. Be3 Bb7 14. Qxc4 Ne4 15. Bg2 Bxd2+ 16. Bxd2 Nxd2 17. Kxd2 O-O 18. Rc1 c5 19. Ke1 Qa5+ 20. Qc3 Qxc3+ 21. Rxc3 cxd4 22. Rc7 Bxf3 23. Bxf3 Nf6 {Nguyen,V (2401)-Fernandez,D (2482) Budapest 2019 ½-½}) 9... Rb4 $1 10. Bxf6 gxf6 11. Qa5 Bb7 {[%cal Rd8b8,Rd8a8] The a7-knight is lost, and White starts a desperate attack. Black makes several inaccuracies, and the attack becomes quite dangerous.} 12. Bh3 Qb8 (12... Qa8 $142 13. Qh5 Ke7 14. d5 Bxd5 $19) 13. Qh5 Ke7 (13... Rb6 $142 $19) 14. d5 Qxa7 $2 (14... Bxd5 $1 15. Qxd5 exd5 16. Nc6+ Kd6 17. Nxb8 Rxb8 {[%cal Yd7e5] keeping a healthy extra pawn (M.Notkin).}) 15. dxe6 fxe6 16. Bxe6 $1 Kxe6 17. Qe8+ Be7 18. Qxh8 Nf8 19. Qg8+ Kd7 20. O-O-O+ $2 {[%mdl 16384] White misses his chance. His king will be unsafe here.} (20. Qg4+ $1 Ke8 21. Qh5+ Ng6 22. Qxh7 $13) (20. Rd1+ $143 Ke8 21. Nd4 {M.Notkin} Bc8) 20... Ke8 21. Qg4 (21. Nd4 c3 $1 {and Black's attack comes first! The same happens after the text move.}) 21... Qc5 22. a3 Rxb2 $1 23. Kxb2 Qxa3+ 24. Kb1 Qb3+ 25. Ka1 c3 0-1